Missing Word: Girl Bands Quiz Stats

 Plays Quiz Updated Jul 16, 2013

Support Sporcle.
Go Orange.
Score 0/18 Timer 02:00
1 Play Today
Girl Band Missing Word % Correct
Destiny's _______Child
99.1%
The Pussycat _______Dolls
93.5%
_______-n-PepaSalt
92.8%
Dixie _______Chicks
89.6%
The Pointer _______Sisters
80.7%
_______ GirlsSpice
76.6%
_____ VogueEn
61.9%
Sister ______Sledge
58.2%
Wilson ______Phillips
48.4%
Girl Band Missing Word % Correct
The _______ -_______’sGo
47%
_______ AloudGirls
43.5%
_______ SaintsAll
37.7%
The ________ GirlsWeather
36%
Tegan and _____Sara
32%
______ KittenAtomic
31.1%
B*_______Witched
29.2%
Danity _______Kane
22.8%
Girls’ _______Generation
4.1%

Today's Daily Dose

Word Ladder
ING Words

Get the Picture
Nearest Volcano

From the Vault

Friends Episodes

by Derek

The One Where Sporcle Does the Friends Episode Quiz.
Remove Ads.
Support Sporcle.
Get the best of Sporcle when you Go Orange. This ad-free experience offers more features, more stats, and more fun while also helping to support Sporcle. Thank you for becoming a member.

Show Comments

Extras

Top Quizzes Today


Score Distribution

Your Account Isn't Verified!

In order to create a playlist on Sporcle, you need to verify the email address you used during registration. Go to your Sporcle Settings to finish the process.

Report this User

Report this user for behavior that violates our Community Guidelines.

Details: